| 000 | 00374cam a22001337a 4500 | ||
|---|---|---|---|
| 008 | 180718b1978 xxu||||| |||| 00| 0 eng d | ||
| 082 | _aC41x54 K151 | ||
| 100 | _aKashyap, Subhash C. | ||
| 245 |
_aHuman rights and parliament _cby Subhash C. Kashyap |
||
| 260 |
_aDelhi _bMetropolian _c1978 |
||
| 300 | _a409p. | ||
| 650 | _aCivil rights --India | ||
| 650 | _aIndia. Parliament | ||
| 999 |
_c347531 _d347531 |
||